000 00931nmm a2200277 a 4500
001 ocm0002015297
003 TR-IsHL
005 20201028175132.0
008 181016s2014 tu tur
007 cr cn
020 _a978­605­492146­1
035 _a2015297
_b(N$T)
050 0 4 _aPL179
_b.G85 2014
090 0 4 _aPL179
_b.G85 2014
100 1 _aGüleç, İsa
245 1 0 _aDil ve anlatım bozuklukları
_h[electronic resource] /
_cİsa Güleç
250 _a1. Basım
260 _aİstanbul :
_bBilge Kültür Sanat Yayınları,
_c2014
300 _a368 p.
650 4 _aDil ve Edebiyat
650 4 _aLanguage and Literature
650 0 _aTürk dili
_x Kullanım hataları
650 0 _aTurkish language
_x Errors of usage
650 7 _a LANGUAGE ARTS & DISCIPLINES / Grammar & Punctuation
_2bisacsh
856 4 0 _uhttp://search.ebscohost.com/login.aspx?direct=true&scope=site&db=e011xww&AN=2015297
999 _c18525
_d18525